000 00746nam a2200217Ii 4500
003 JO-AjNU
008 230605s9999||||xx |||||||||||||| ||und||
017 _a1974/267
040 _aJO-AjNU
_bara
_erda
_cJO-AjNU
041 _aara
050 1 4 _aGV1322.R4412 1974
100 3 _aتاليف راينفيلد، فرد؛ ترجمة عزيز، عمار حسين,
_eauthor
_918766
245 0 0 _aاستراتيجية لعب النهايات الشطرنجية
250 _aط2
264 3 1 _aنيويورك: مكتبة كورنوستون، 1974
300 _a112ص
_bصور توضبحية
336 _atext
_btxt
_2rdacontent
337 _aunmediated
_bn
_2rdamedia
338 _avolume
_bnc
_2rdacarrier
650 4 _aلعبة الشطرنج
_918767
999 _aA6064
_c9632
_d9632